[Event "COL-ch U20"]
[Site "Cali"]
[Date "2024.03.03"]
[Round "8"]
[White "Pena Ramirez, Jatniel"]
[Black "Salazar Yandun, Daniel Alexander"]
[Result "1/2-1/2"]
[WhiteElo "1349"]
[BlackElo "1252"]
[PlyCount "76"]
[EventDate "2024.02.28"]
[EventType "swiss"]
[EventRounds "9"]
[EventCountry "COL"]
[SourceTitle "CB11_2024"]
[SourceDate "2024.03.13"]
[SourceVersion "1"]
[SourceVersionDate "2024.03.13"]
[SourceQuality "1"]

1. e4 e5 2. Nf3 Nc6 3. Bc4 Bc5 4. c3 Nf6 5. d3 0-0 6. 0-0 d6 7. Bb3 h6 8. Nbd2 Be6 9. Re1 Re8 10. Nf1 Bxb3 11. axb3 a5 12. Ng3 d5 13. Qe2 d4 14. c4 Nb4 15. Nf5 Bf8 16. N3h4 g5 17. Nf3 Nh7 18. h4 Re6 19. Nh2 Rg6 20. Ng4 Bg7 21. Ra4 Nc6 22. Qf3 h5 23. Nh2 g4 24. Qe2 Bf6 25. Nxg4 Rxg4 26. Nh6+ Kf8 27. Nxg4 hxg4 28. Qxg4 Bxh4 29. Bh6+ Ke8 30. Qg8+ Kd7 31. Qxh7 Qf6 32. Qf5+ Qxf5 33. exf5 Rg8 34. g3 Bg5 35. Bxg5 Rxg5 36. Raa1 Rxf5 37. Kg2 Kd6 38. Re4 b6 1/2-1/2

[Event "COL-ch U20"]
[Site "Cali"]
[Date "2024.03.01"]
[Round "4"]
[White "Pena Ramirez, Jatniel"]
[Black "Castano Mejia, Juan Esteban"]
[Result "0-1"]
[WhiteElo "1349"]
[BlackElo "1481"]
[PlyCount "32"]
[EventDate "2024.02.28"]
[EventType "swiss"]
[EventRounds "9"]
[EventCountry "COL"]
[SourceTitle "CB11_2024"]
[SourceDate "2024.03.13"]
[SourceVersion "1"]
[SourceVersionDate "2024.03.13"]
[SourceQuality "1"]

1. Nf3 d5 2. g3 Nf6 3. Bg2 g6 4. d3 Bg7 5. Nbd2 Nc6 6. 0-0 Bg4 7. h3 Bf5 8. Nh4 Qd7 9. Nxf5 gxf5 10. c4 0-0-0 11. Rb1 Rhg8 12. Nb3 dxc4 13. Nc5 Qd6 14. b4 e5 15. Qa4 Nd5 16. Qb5 Nb6 0-1

[Event "COL-ch U20"]
[Site "Cali"]
[Date "2024.02.28"]
[Round "1"]
[White "Chavez Duero, Brayan Steven"]
[Black "Pena Ramirez, Jatniel"]
[Result "1-0"]
[WhiteElo "2062"]
[BlackElo "1349"]
[PlyCount "57"]
[EventDate "2024.02.28"]
[EventType "swiss"]
[EventRounds "9"]
[EventCountry "COL"]
[SourceTitle "CB11_2024"]
[SourceDate "2024.03.13"]
[SourceVersion "1"]
[SourceVersionDate "2024.03.13"]
[SourceQuality "1"]

1. e4 e5 2. Nf3 d6 3. d4 Nd7 4. Bc4 c6 5. dxe5 dxe5 6. 0-0 Be7 7. Ng5 Bxg5 8. Qh5 Qe7 9. Qxg5 Qxg5 10. Bxg5 b5 11. Bb3 Ngf6 12. f3 Nc5 13. Be3 Ne6 14. a4 b4 15. Nd2 Ba6 16. Bc4 Bxc4 17. Nxc4 Nd4 18. Rf2 Nd7 19. Rd1 c5 20. c3 Nc6 21. Nd6+ Ke7 22. Nf5+ Kf8 23. Rxd7 g6 24. Nd6 Rd8 25. Bh6+ Kg8 26. Rxf7 g5 27. h4 Ne7 28. Rg7+ Kf8 29. Rxg5# 1-0

[Event "COL-ch 20"]
[Site "Cali"]
[Date "2023.06.25"]
[Round "7"]
[White "Pena Ramirez, Jatniel"]
[Black "Otalvaro Vasquez, Camilo Andres"]
[Result "0-1"]
[WhiteElo "1404"]
[BlackElo "1261"]
[PlyCount "68"]
[EventDate "2023.06.22"]
[EventType "swiss"]
[EventRounds "7"]
[EventCountry "COL"]
[SourceTitle "CBM 214 Extra"]
[Source "ChessBase"]
[SourceDate "2023.07.31"]
[SourceVersion "1"]
[SourceVersionDate "2023.07.31"]
[SourceQuality "1"]

1. e4 e5 2. d3 Nc6 3. Nf3 Nf6 4. Be2 Bc5 5. Nbd2 d6 6. c3 Bd7 7. 0-0 0-0 8. Nc4 b5 9. Ne3 Bb6 10. Re1 a6 11. Nf1 Ne7 12. Be3 c5 13. Ng3 Ng6 14. Qd2 Rc8 15. Rad1 Be6 16. a3 Ng4 17. Ng5 Nxe3 18. Nxe6 fxe6 19. fxe3 Qe7 20. Bg4 Rf7 21. b4 cxb4 22. axb4 Ra8 23. Qa2 Nf8 24. d4 exd4 25. exd4 Kh8 26. Kh1 Rf6 27. e5 dxe5 28. dxe5 Rg6 29. Bf3 Ra7 30. Re2 Rh6 31. h3 Qg5 32. Ne4 Qf5 33. Nf2 Bxf2 34. Rxf2 Qxe5 0-1

[Event "COL-ch 20"]
[Site "Cali"]
[Date "2023.06.24"]
[Round "4"]
[White "Pena Ramirez, Jatniel"]
[Black "Mora Munoz, Alejandro"]
[Result "0-1"]
[WhiteElo "1404"]
[BlackElo "2072"]
[PlyCount "78"]
[EventDate "2023.06.22"]
[EventType "swiss"]
[EventRounds "7"]
[EventCountry "COL"]
[SourceTitle "CBM 214 Extra"]
[Source "ChessBase"]
[SourceDate "2023.07.31"]
[SourceVersion "1"]
[SourceVersionDate "2023.07.31"]
[SourceQuality "1"]

1. d3 g6 2. e4 Bg7 3. Nd2 d5 4. c3 Nc6 5. Be2 d4 6. c4 e5 7. Bg4 Bxg4 8. Qxg4 Nb4 9. Qd1 Nxd3+ 10. Kf1 Nxc1 11. Rxc1 c5 12. b4 cxb4 13. Qa4+ Qd7 14. Qxb4 Ne7 15. Nb3 Nc6 16. Qb5 a6 17. Qd5 Ne7 18. Qxd7+ Kxd7 19. Nc5+ Kc6 20. Nd3 f5 21. Nb4+ Kd7 22. exf5 gxf5 23. Nf3 Rac8 24. Ke2 a5 25. Nd5 Nxd5 26. cxd5 e4 27. Ng5 d3+ 28. Kd2 Bb2 29. Rb1 Rc2+ 30. Ke3 Re2+ 31. Kf4 Rxf2+ 32. Ke3 Rxg2 33. Ne6 Rc8 34. Nd4 Kd6 35. Nf3 exf3 36. Kxf3 Rcc2 37. Ke3 Kxd5 38. Rhd1 Bd4+ 39. Kf4 Rcf2# 0-1

[Event "COL-ch 20"]
[Site "Cali"]
[Date "2023.06.23"]
[Round "2"]
[White "Pena Ramirez, Jatniel"]
[Black "Lozano Pulgarin, Josue Amador"]
[Result "1-0"]
[WhiteElo "1404"]
[BlackElo "1275"]
[PlyCount "43"]
[EventDate "2023.06.22"]
[EventType "swiss"]
[EventRounds "7"]
[EventCountry "COL"]
[SourceTitle "CBM 214 Extra"]
[Source "ChessBase"]
[SourceDate "2023.07.31"]
[SourceVersion "1"]
[SourceVersionDate "2023.07.31"]
[SourceQuality "1"]

1. e4 e5 2. Nf3 Nc6 3. d4 exd4 4. Bc4 Nf6 5. 0-0 Bc5 6. e5 d5 7. exf6 dxc4 8. Re1+ Be6 9. fxg7 Rg8 10. Bg5 Qd5 11. Nc3 Qf5 12. Ne4 Rxg7 13. Nh4 Qg4 14. Nf6+ Kf8 15. Nxg4 Rxg5 16. Nf6 Rg7 17. Qf3 Rd8 18. Rxe6 fxe6 19. Nxh7+ Kg8 20. Nf6+ Kh8 21. Qh5+ Rh7 22. Qxh7# 1-0

[Event "COL-ch 20"]
[Site "Cali"]
[Date "2023.06.22"]
[Round "1"]
[White "Gonzalez Velasco, Leandro"]
[Black "Pena Ramirez, Jatniel"]
[Result "1-0"]
[WhiteElo "2014"]
[BlackElo "1404"]
[PlyCount "73"]
[EventDate "2023.06.22"]
[EventType "swiss"]
[EventRounds "7"]
[EventCountry "COL"]
[SourceTitle "CBM 214 Extra"]
[Source "ChessBase"]
[SourceDate "2023.07.31"]
[SourceVersion "1"]
[SourceVersionDate "2023.07.31"]
[SourceQuality "1"]

1. e4 e5 2. Nf3 d6 3. d4 Nd7 4. Bc4 c6 5. 0-0 Be7 6. a4 Ngf6 7. Re1 0-0 8. Nc3 b6 9. d5 Bb7 10. b3 Qc7 11. Ba3 Rac8 12. dxc6 Bxc6 13. Qe2 Nc5 14. Bxc5 dxc5 15. Rad1 Rcd8 16. Bd5 Nxd5 17. exd5 Bd7 18. Qxe5 Qxe5 19. Nxe5 Bf6 20. f4 Bg4 21. Rd2 g5 22. Ne4 Bxe5 23. fxe5 Bf5 24. Nxg5 Rfe8 25. c4 f6 26. Nf3 fxe5 27. Rxe5 Rxe5 28. Nxe5 Kg7 29. Rf2 Rf8 30. g4 Be4 31. Rd2 Re8 32. Nd3 Bf3 33. h3 h5 34. gxh5 Re2 35. Rxe2 Bxe2 36. Nf4 Bd1 37. h6+ 1-0

[Event "COL-ch U14"]
[Site "Cartagena"]
[Date "2023.04.16"]
[Round "6"]
[White "Pena Ramirez, Jatniel"]
[Black "Negron Lizarazo, Juan Sebastian"]
[Result "0-1"]
[WhiteElo "1174"]
[BlackElo "1589"]
[PlyCount "98"]
[EventDate "2023.04.13"]
[EventType "swiss"]
[EventRounds "7"]
[EventCountry "COL"]
[SourceTitle "CBM 213 Extra"]
[Source "ChessBase"]
[SourceDate "2023.05.31"]
[SourceVersion "1"]
[SourceVersionDate "2023.05.31"]
[SourceQuality "1"]

1. e4 e6 2. d3 d5 3. Nd2 Bc5 4. Ngf3 Ne7 5. g3 c6 6. Bg2 Nd7 7. c3 Bd6 8. 0-0 0-0 9. Re1 e5 10. Nf1 Re8 11. d4 dxe4 12. Nxe5 Nxe5 13. dxe5 Bxe5 14. Qxd8 Rxd8 15. Bxe4 Bf6 16. Bd2 Be6 17. Red1 Nd5 18. Ne3 Rd7 19. Nxd5 Bxd5 20. Bf5 Re7 21. Be3 b6 22. a4 Rae8 23. Bg4 g6 24. Kf1 h5 25. Be2 Bg5 26. c4 Bxe3 27. fxe3 Be4 28. a5 Bf5 29. Bf3 Rxe3 30. Bxc6 Rc8 31. Bb5 Rb3 32. axb6 axb6 33. Ra2 Bd3+ 34. Kg1 Bxc4 35. Bxc4 Rxc4 36. Rd2 Rf3 37. Ra3 Rf6 38. Rf2 Rxf2 39. Kxf2 Rc2+ 40. Kf3 Rxb2 41. h4 b5 42. Ra8+ Kg7 43. Ra6 b4 44. Rb6 Rb1 45. Kf2 f6 46. Rb7+ Kh6 47. Rb6 b3 48. Rxf6 b2 49. Rb6 Rh1 0-1

[Event "COL-ch U14"]
[Site "Cartagena"]
[Date "2023.04.14"]
[Round "2"]
[White "Pena Ramirez, Jatniel"]
[Black "Soto Ramirez, Andres Camilo"]
[Result "1-0"]
[WhiteElo "1174"]
[BlackElo "1535"]
[PlyCount "147"]
[EventDate "2023.04.13"]
[EventType "swiss"]
[EventRounds "7"]
[EventCountry "COL"]
[SourceTitle "CBM 213 Extra"]
[Source "ChessBase"]
[SourceDate "2023.05.31"]
[SourceVersion "1"]
[SourceVersionDate "2023.05.31"]
[SourceQuality "1"]

1. e4 e5 2. Nf3 Nc6 3. Bc4 Nf6 4. d4 exd4 5. 0-0 Bc5 6. e5 Ng4 7. Qe2 0-0 8. h3 d5 9. Bd3 Re8 10. hxg4 Bxg4 11. Bf4 f6 12. e6 Rxe6 13. Qd2 Bxf3 14. gxf3 Ne5 15. Kg2 Qe8 16. Rh1 Nxd3 17. Qxd3 h5 18. Nd2 g5 19. Nb3 Bb6 20. Bd2 c5 21. Rae1 Rxe1 22. Rxe1 Qf7 23. Qf5 Kg7 24. f4 g4 25. f3 Rg8 26. Rh1 Kh6 27. fxg4 Kg7 28. Rxh5 Kf8 29. Rh7 Rxg4+ 30. Kf3 Rg7 31. Qc8+ Ke7 32. Qxb7+ Kf8 33. Rh8+ Rg8 34. Qxf7+ Kxf7 35. Rxg8 Kxg8 36. c3 d3 37. Nc1 c4 38. b3 f5 39. bxc4 dxc4 40. a4 a5 41. Kg3 Kf7 42. Kf3 Ke6 43. Na2 Kd5 44. Nc1 Bd8 45. Be3 Kc6 46. Na2 Kd5 47. Bd2 Be7 48. Bc1 Bf6 49. Ba3 Bh4 50. Bc1 Be1 51. Ke3 Ke6 52. Bd2 Bg3 53. Kd4 Kd6 54. Kxc4 Kc6 55. Kxd3 Bf2 56. Kc4 Bc5 57. Nc1 Bf2 58. Nd3 Bb6 59. Ne5+ Kd6 60. Bc1 Bc5 61. Nd3 Bb6 62. Ba3+ Kc6 63. Ne5+ Kb7 64. Kb5 Bc7 65. c4 Bxe5 66. fxe5 f4 67. e6 f3 68. Bc5 Kc7 69. Kxa5 Kd8 70. Kb6 f2 71. Bxf2 Kc8 72. Bh4 Kb8 73. e7 Kc8 74. e8Q# 1-0